| 000 | 00576nam a22001937a 4500 | ||
|---|---|---|---|
| 003 | KOHA_MİRAKIL | ||
| 005 | 20251221131303.0 | ||
| 008 | 251221b tu ||||| |||| 00| 0 tur d | ||
| 020 | _a9754580626 | ||
| 040 |
_aTR-AnABB _btur _cTR-AnABB |
||
| 041 | _atur | ||
| 082 |
_a330.9 _bKOZ 2003 |
||
| 100 | 1 | _aKozlu, Cem, | |
| 245 | 1 | 0 |
_aTürkiye mucizesi için vizyon arayışları ve asya modelleri / _cCem Kozlu |
| 260 |
_aİstanbul : _bTürkiye İş Bankası Kültür Yayınları, _c2003 |
||
| 300 |
_a493 sayfa ; _c20 cm |
||
| 650 | 0 | 4 | _aSosyoloji |
| 942 |
_2ddc _cBK |
||
| 999 |
_c9830 _d9830 |
||
| 900 | _bGizem YORULMAZ | ||